| 000 | 00483nam a2200181Ia 4500 | ||
|---|---|---|---|
| 001 | 9152 | ||
| 005 | 20260306160702.0 | ||
| 008 | 260306t2010||||xx |||||||||||||| ||spa|| | ||
| 041 | _aESP | ||
| 082 |
_a373.1 _bI42 |
||
| 100 |
_aImbernón, Francisco _eAUT |
||
| 245 | 0 |
_aProcesos y contextos educativos: _benseñar en las instituciones de educación secundaria |
|
| 260 | _c2010 | ||
| 300 |
_a235 páginas : _c23 cm. |
||
| 650 | _aGEN | ||
| 654 | _aCED | ||
| 942 |
_cLIB _dJUS _fJUS _2ddc _n |
||
| 999 |
_c9152 _d9152 |
||